Mahabharata : (Record no. 9843)
[ view plain ]
| 000 -LEADER | |
|---|---|
| fixed length control field | 00743cam a2200241ua 4500 |
| 001 - CONTROL NUMBER | |
| control field | 10897 |
| 005 - DATE AND TIME OF LATEST TRANSACTION | |
| control field | 20260515114655.0 |
| 008 - FIXED-LENGTH DATA ELEMENTS--GENERAL INFORMATION | |
| fixed length control field | 190902n ii |||gr||||Z||||||eng |
| 020 ## - INTERNATIONAL STANDARD BOOK NUMBER | |
| International Standard Book Number | 9789382267294 |
| 040 ## - CATALOGING SOURCE | |
| Transcribing agency | MAIN |
| 041 ## - LANGUAGE CODE | |
| Language code of text/sound track or separate title | eng |
| 082 ## - DEWEY DECIMAL CLASSIFICATION NUMBER | |
| Classification number | 294.5923 |
| 100 ## - MAIN ENTRY--PERSONAL NAME | |
| Personal name | JAB Van Buitenen, |
| Relator term | Translator. |
| 245 ## - TITLE STATEMENT | |
| Title | Mahabharata : |
| Remainder of title | selections from the Sabha Parva and Udyoga Parva / |
| Statement of responsibility, etc. | Edited by Kanav Gupta & Meha Pande . |
| 260 ## - PUBLICATION, DISTRIBUTION, ETC. | |
| Place of publication, distribution, etc. | Delhi: |
| Name of publisher, distributor, etc. | Worldview, |
| Date of publication, distribution, etc. | 2016. |
| 300 ## - PHYSICAL DESCRIPTION | |
| Extent | 280p. |
| 653 ## - INDEX TERM--UNCONTROLLED | |
| Uncontrolled term | Religions of Indic origin |
| 700 ## - ADDED ENTRY--PERSONAL NAME | |
| Personal name | JAB Van Buitenen, |
| Relator term | Translator., |
| -- | Translator., |
| -- | Translator., |
| -- | Translator., |
| 700 ## - ADDED ENTRY--PERSONAL NAME | |
| Personal name | Kanav Gupta, |
| Relator term | Editor. |
| 700 ## - ADDED ENTRY--PERSONAL NAME | |
| Personal name | Meha Pande, |
| Relator term | Editor., |
| 700 ## - ADDED ENTRY--PERSONAL NAME | |
| Personal name | Byasdeva, |
| Relator term | Author. |
| 942 ## - ADDED ENTRY ELEMENTS (KOHA) | |
| Koha item type | Books |
| Withdrawn status | Lost status | Damaged status | Not for loan | Home library | Current library | Shelving location | Date acquired | Total checkouts | Full call number | Barcode | Date last seen | Date last checked out | Copy number | Price effective from | Koha item type |
|---|---|---|---|---|---|---|---|---|---|---|---|---|---|---|---|
| Naharkatiya College Library | Naharkatiya College Library | General stacks | 09/19/2020 | 5 | 294.5923Indian Epic in English | MAH | 27868 | 08/26/2025 | 08/04/2025 | 1 | 09/19/2020 | Books | ||||
| Naharkatiya College Library | Naharkatiya College Library | General stacks | 09/19/2020 | 2 | 294.5923Indian Epic in English | MAH | 27869 | 01/28/2021 | 12/26/2020 | 2 | 09/19/2020 | Books | ||||
| Naharkatiya College Library | Naharkatiya College Library | General stacks | 09/19/2020 | 2 | 294.5923Indian Epic in English | MAH | 27870 | 09/19/2022 | 08/31/2022 | 3 | 09/19/2020 | Books | ||||
| Naharkatiya College Library | Naharkatiya College Library | General stacks | 09/19/2020 | 3 | 294.5923Indian Epic in English | MAH | 27878 | 01/28/2021 | 01/18/2021 | 4 | 09/19/2020 | Books | ||||
| Naharkatiya College Library | Naharkatiya College Library | General stacks | 09/19/2020 | 2 | 294.5923Indian Epic in English | MAH | 28088 | 12/17/2020 | 12/17/2020 | 5 | 09/19/2020 | Books | ||||
| Naharkatiya College Library | Naharkatiya College Library | General stacks | 09/19/2020 | 5 | 294.5923Indian Epic in English | MAH | 28089 | 09/09/2022 | 08/25/2022 | 6 | 09/19/2020 | Books |